00193nam a22000857a 4500082001700000100001900017245003400036260002800070300000900098 a684.08 EUA'W aEVANS, HARRY T aTHE WOODWORKERS BOOK OF FACTS aLONDONbTECHNICALc1962 a126P